Mathematical theory of entropy
Guardat en:
| Autors principals: | , , |
|---|---|
| Format: | Llibre |
| Idioma: | anglès |
| Publicat: |
Reading
Addison-Wesley
1981
|
| Col·lecció: | Encyclopedia of Mathematics and its Applications, 12
|
| Matèries: | |
| Etiquetes: |
Afegir etiqueta
Sense etiquetes, Sigues el primer a etiquetar aquest registre!
|
MARC
| LEADER | 00000nam a2200000 a 4500 | ||
|---|---|---|---|
| 001 | UCP1035 | ||
| 003 | CL-VaPUC | ||
| 008 | 990326e19810000US |||||||||||||||||eng|d | ||
| 082 | 0 | 4 | |a 519.2 |b MAR |2 21 |
| 100 | |a Martin, Nathaniel F. |e autor |9 426771 | ||
| 700 | 0 | |a England, James W |e author |9 426772 | |
| 700 | 0 | |a Brooks, James K |e author |9 426773 | |
| 245 | 1 | 0 | |a Mathematical theory of entropy |
| 300 | |a 257 p | ||
| 942 | |c BK | ||
| 945 | |d 19990326 00:00:00 |a crobeson | ||
| 260 | |a Reading |b Addison-Wesley |c 1981 | ||
| 650 | 0 | |a Teoría de probabilidades |9 336944 | |
| 650 | 0 | |a Entropía |9 262675 | |
| 650 | 0 | |a Teoría ergódica |9 270156 | |
| 650 | 0 | |a Mecánica estadística |9 261055 | |
| 650 | 7 | |a DINAMICA TOPOLOGICA |2 CL-VaPUC |9 270550 | |
| 650 | 0 | |a Teoría de la información |9 260744 | |
| 583 | |a last modification |c 19990326 00:00:00 |k Rodrigo Vera | ||
| 490 | 0 | |a Encyclopedia of Mathematics and its Applications, 12 | |
| 999 | |c 279754 |d 279752 | ||
| 952 | |0 0 |1 0 |4 0 |6 519_200000000000000_MAR_1981 |7 0 |8 A |9 319531 |a BIBGIM |b BIBGIM |d 2019-11-20 |i 1333550 |o 519.2 MAR 1981 |p 1333550 |r 2025-01-15 |w 2019-11-20 |y BK |k EST | ||